| 000 | 00558nam a22001817a 4500 | ||
|---|---|---|---|
| 005 | 20231128065950.0 | ||
| 008 | 231128b |||||||| |||| 00| 0 eng d | ||
| 020 | _a9780409118322 ; 9780409122213 | ||
| 041 | _aEnglish | ||
| 082 | _a340.1 RAU | ||
| 100 | _lEnglish | ||
| 245 |
_aIntroduction to Legal Pluralism / _cC Rautenbach and JC Bekker |
||
| 250 | _aFourth Edition | ||
| 260 |
_aDurban : _bLexisNexis (Pty) Ltd, _c2014 |
||
| 300 |
_bxiv, 454 pages ; _c25 cm. |
||
| 650 |
_aLegal practice _bLaw |
||
| 942 |
_cBK _6ALISON_BN_VRIES |
||
| 999 |
_c985 _d985 |
||